000 00340nam a2200097Ia 4500
008 220120s9999||||xx |||||||||||||| ||und||
100 _aAbhishek, Alok, Anvith and Rohith
_912653
245 0 _aService operator aware trust scheme for resource matchmaking
260 _aCoorg Institute of Technology
_bPonnampet
_c2017
650 _aCOMPUTER SCIENCE
999 _c138252
_d138252